al-ʻAwlamah al-iqtiṣādīyah : haymanat al-shamāl wa-al-tadāʻiyāt ʻalá al-janūb /
Globalization; influences; economics; developing countries; new world order ; Ph.D. dissertation.
Saved in:
| Main Author: | |
|---|---|
| Format: | Book |
| Language: | Arabic |
| Published: |
Baghdād :
Bayt al-Ḥikmah,
2002.
|
| Edition: | al-Ṭabʻah 1. |
| Subjects: | |
| Tags: |
Add Tag
No Tags, Be the first to tag this record!
|
| LEADER | 00997aam a22002774a 4500 | ||
|---|---|---|---|
| 001 | 009554103-9 | ||
| 005 | 20050216163056.0 | ||
| 008 | 030416s2002 iq a b 000 0 ara | ||
| 010 | |a 2003348698 | ||
| 035 | 0 | |a ocm52143467 | |
| 040 | |a DLC-R |c DLC | ||
| 042 | |a lcode |a pcc | ||
| 043 | |a d------ | ||
| 050 | 0 | 0 | |a JZ1318 |b .M875 2002 |
| 100 | 1 | |a Musāfir, Maḥmūd Khālid. | |
| 245 | 1 | 4 | |a al-ʻAwlamah al-iqtiṣādīyah : |b haymanat al-shamāl wa-al-tadāʻiyāt ʻalá al-janūb / |c Maḥmūd Khālid al-Musāfir. |
| 250 | |a al-Ṭabʻah 1. | ||
| 260 | |a Baghdād : |b Bayt al-Ḥikmah, |c 2002. | ||
| 300 | |a 320 p. : |b ill. ; |c 21 cm. | ||
| 504 | |a Includes bibliographical references (p. 306-316). | ||
| 520 | |a Globalization; influences; economics; developing countries; new world order ; Ph.D. dissertation. | ||
| 650 | 0 | |a Globalization |x Economic aspects |z Developing countries. | |
| 651 | 0 | |a Developing countries |x Economic policy. | |
| 752 | |a Iraq |d Baghdad. | ||
| 988 | |a 20050216 | ||
| 906 | |0 OCLC | ||


